<?xml version="1.0" encoding="UTF-8"?>
<record
    xmlns:xsi="http://www.w3.org/2001/XMLSchema-instance"
    xsi:schemaLocation="http://www.loc.gov/MARC21/slim http://www.loc.gov/standards/marcxml/schema/MARC21slim.xsd"
    xmlns="http://www.loc.gov/MARC21/slim">

  <leader>04590nam a22002657a 4500</leader>
  <controlfield tag="003">OSt</controlfield>
  <controlfield tag="005">20220906105032.0</controlfield>
  <controlfield tag="008">200129b        xxu||||| |||| 00| 0 eng d</controlfield>
  <datafield tag="010" ind1=" " ind2=" ">
    <subfield code="a">2008045867</subfield>
  </datafield>
  <datafield tag="020" ind1=" " ind2=" ">
    <subfield code="a">9781416037620</subfield>
  </datafield>
  <datafield tag="020" ind1=" " ind2=" ">
    <subfield code="a">9781416049036</subfield>
  </datafield>
  <datafield tag="040" ind1=" " ind2=" ">
    <subfield code="c">LC</subfield>
  </datafield>
  <datafield tag="050" ind1=" " ind2=" ">
    <subfield code="a">RT41.I36</subfield>
  </datafield>
  <datafield tag="100" ind1=" " ind2=" ">
    <subfield code="a">Ignatavicius, Donna D.</subfield>
    <subfield code="9">354</subfield>
  </datafield>
  <datafield tag="245" ind1=" " ind2=" ">
    <subfield code="a">Medical-surgical nursing: patient-centered collaborative care. /</subfield>
    <subfield code="c">Donna D.Ignatavicius and Linda M. Workman.</subfield>
  </datafield>
  <datafield tag="250" ind1=" " ind2=" ">
    <subfield code="a">6th ed.</subfield>
  </datafield>
  <datafield tag="260" ind1=" " ind2=" ">
    <subfield code="a">St Louis, Missouri :</subfield>
    <subfield code="b">Elsevier Saunders,</subfield>
    <subfield code="c">2010.</subfield>
  </datafield>
  <datafield tag="300" ind1=" " ind2=" ">
    <subfield code="a">xlv, 1819 p. + [various pagings] :</subfield>
    <subfield code="b">ill. ;</subfield>
    <subfield code="c">28 cm.</subfield>
    <subfield code="e">1 CD-ROM (4 3/4 in.)</subfield>
  </datafield>
  <datafield tag="501" ind1=" " ind2=" ">
    <subfield code="a">1 CD-ROM (inside back cover)</subfield>
  </datafield>
  <datafield tag="505" ind1=" " ind2=" ">
    <subfield code="a">Contents : Introduction to medical-surgical nursing -- Introduction to complementary and alternative therapies -- Common health problems of older adults -- Cultural aspects of health and illness -- Pain : the fifth vital sign -- Genetic concepts for medical-surgical nursing --Substance abuse and medical surgical nursing --  Rehabilitation concepts for chronic and disabling health problems -- End-of-life care -- Concepts of emergency and trauma nursing -- Care of patients with common environmental emergencies -- Concepts of emergency and disaster preparedness -- Assessment and care of patients with fluid and electrolyte imbalances -- Assessment and care of patients with acid-base imbalances -- Infusion therapy -- Care of preoperative patients -- Care of intraoperative patients -- Care of postoperative patients -- Inflammation and the immune response -- Care of patients with arthritis and other connective  tissue diseases -- Care of patients with HIV disease and other immune deficiencies -- Care of patients with immune function  excess: hypersensitivity (allergy) and autoimmunity -- Cancer development -- Care of patients with cancer -- Care of patients with infection -- Assessment of the skin , hair, and nails -- Care of patients with and skin problems -- Care of patients with burns -- Assessment of the respiratory system -- Care of patients requiring oxygen therapy or tracheotomy -- Care of patients with noninfectious upper respiratory problems -- Care of patients with noninfectious lower respiratory problems -- Care of patients with infectious respiratory problems -- Care of critically ill patients with respiratory problems -- Assessment of the cardiovascular system -- Care of patients with dysrhythmias -- Care of patients with cardiac problems -- Care of patients with vascular problems -- Care of patients with shock -- Care of patients with acute coronary syndromes -- Assessment of hematologic system -- Care of patients with hematologic system -- Assessment of the nervous system -- Care of patients with problems of the central nervous system: the brain --  Care of patients with problems problems of the central nervous system: the spinal cord -- Care of patients with problems of the peripheral nervous system -- Care of critically ill patients with neurologic problems -- Assessment of the eye and vision -- Care of patients with eye and vision problems -- Assessment of the ear and hearing --  Care of patients with ear and hearing  problems -- Assessment of the musculoskeletal system -- Care of patients with musculoskeletal problems -- Care of patients with musculoskeletal trauma -- Assessment of gastrointestinal system -- Care of patients with oral cavity problems -- Care of patients with esophageal problems -- Care of patients with stomach disorders -- Care of patients with noninflammatory intestinal disorders -- Care of patients with inflammatory intestinal disorders -- Care of patients with liver problems -- Care of patients with problems of the biliary system and pancreas -- Care of patients with malnutrition and obesity -- Assessment of the endocrine system -- Care of patients with pituitary and adrenal problems -- Care of patients with problems of the thyroid and parathyroid glands --Care of patients with problems diabetes  mellitus -- Assessment of the renal/ urinary system -- +Care of patients with urinary problems -- Care of patients with renal disorders -- Care of patients with acute kidney injury and chronic kidney disease -- Assessment of the reproductive system -- Care of patients with breast disorders -- Care of patients with gynecologic problems -- Care of male patients with reproductive problems -- Care of patients with sexually transmitted disease. 

</subfield>
  </datafield>
  <datafield tag="650" ind1=" " ind2=" ">
    <subfield code="v">Surgical nursing.</subfield>
    <subfield code="9">97</subfield>
  </datafield>
  <datafield tag="650" ind1=" " ind2=" ">
    <subfield code="v">Surgical nursing -- problems, exercises.</subfield>
    <subfield code="9">355</subfield>
  </datafield>
  <datafield tag="700" ind1=" " ind2=" ">
    <subfield code="a">Workman, Linda M.</subfield>
    <subfield code="9">356</subfield>
  </datafield>
  <datafield tag="942" ind1=" " ind2=" ">
    <subfield code="2">lcc</subfield>
    <subfield code="c">BK</subfield>
  </datafield>
  <datafield tag="999" ind1=" " ind2=" ">
    <subfield code="c">7981</subfield>
    <subfield code="d">15481</subfield>
  </datafield>
  <datafield tag="952" ind1=" " ind2=" ">
    <subfield code="0">0</subfield>
    <subfield code="1">0</subfield>
    <subfield code="2">lcc</subfield>
    <subfield code="4">0</subfield>
    <subfield code="7">0</subfield>
    <subfield code="a">WIUC-KL</subfield>
    <subfield code="b">WIUC-KL</subfield>
    <subfield code="c">NURS L.</subfield>
    <subfield code="d">2019-08-14</subfield>
    <subfield code="l">0</subfield>
    <subfield code="o">RT41.I36(6e)</subfield>
    <subfield code="p">KSN/479/19</subfield>
    <subfield code="r">2021-11-15 00:00:00</subfield>
    <subfield code="w">2021-11-15</subfield>
    <subfield code="y">BK</subfield>
  </datafield>
  <datafield tag="952" ind1=" " ind2=" ">
    <subfield code="0">0</subfield>
    <subfield code="1">0</subfield>
    <subfield code="2">lcc</subfield>
    <subfield code="4">0</subfield>
    <subfield code="7">0</subfield>
    <subfield code="a">WIUC-KL</subfield>
    <subfield code="b">WIUC-KL</subfield>
    <subfield code="c">NURS L.</subfield>
    <subfield code="d">2019-11-28</subfield>
    <subfield code="o">RT41.I361(6e) vol. 2</subfield>
    <subfield code="p">KSN/868/868/19</subfield>
    <subfield code="r">2022-09-06 00:00:00</subfield>
    <subfield code="t">2</subfield>
    <subfield code="w">2021-11-15</subfield>
    <subfield code="y">BK</subfield>
  </datafield>
  <datafield tag="952" ind1=" " ind2=" ">
    <subfield code="0">0</subfield>
    <subfield code="1">0</subfield>
    <subfield code="2">lcc</subfield>
    <subfield code="4">0</subfield>
    <subfield code="7">0</subfield>
    <subfield code="a">WIUC-KL</subfield>
    <subfield code="b">WIUC-KL</subfield>
    <subfield code="c">NURS L.</subfield>
    <subfield code="d">2019-11-28</subfield>
    <subfield code="o">RT41.I362(6e) vol. 1</subfield>
    <subfield code="p">KSN/882/882/19</subfield>
    <subfield code="r">2022-09-06 00:00:00</subfield>
    <subfield code="t">3</subfield>
    <subfield code="w">2021-11-15</subfield>
    <subfield code="y">BK</subfield>
  </datafield>
  <datafield tag="952" ind1=" " ind2=" ">
    <subfield code="0">0</subfield>
    <subfield code="1">0</subfield>
    <subfield code="2">lcc</subfield>
    <subfield code="4">0</subfield>
    <subfield code="7">0</subfield>
    <subfield code="a">WIUC-KL</subfield>
    <subfield code="b">WIUC-KL</subfield>
    <subfield code="c">NURS L.</subfield>
    <subfield code="d">2019-11-28</subfield>
    <subfield code="l">0</subfield>
    <subfield code="o">RT41.I363(6e) </subfield>
    <subfield code="p">KSN/869/869/19</subfield>
    <subfield code="r">2022-09-07 00:00:00</subfield>
    <subfield code="t">4</subfield>
    <subfield code="w">2021-11-15</subfield>
    <subfield code="y">BK</subfield>
  </datafield>
</record>
